Farba tovaru - obal - reklama - spotrebiteľ

Bibliographic Details
Main Author: Prachár, Juraj, 1927-1993 (Author)
Format: Article
Language:Slovak

MARC

LEADER 00000nab a2200000ua 4500
001 vtls010819333
003 SK-MaSNL
005 20260303225110.0
008 230121s1962 xo |||||||||||||||||slo|
035 |a (urnnbn)urn:nbn:sk:snk:ar-a05vrc 
035 |a urn:nbn:sk:snk-ab5n17 
035 |a (uuid)a00e3193-55e8-4e82-b1f3-0b4b55d382e0 
040 |a SNKBUCL  |b slo  |c SNKBUCL  |e AACR2 
041 0 |a slo 
044 |a xo  |c SK 
100 1 |a Prachár, Juraj,  |d 1927-1993  |4 aut  |9 49227 
245 1 0 |a Farba tovaru - obal - reklama - spotrebiteľ  |c Juraj Prachár 
773 0 |t Výživa a zdravie : časopis pre výživu a zdravý životný štýl  |g Roč. 7, č. 6 (1962), s. 135-[137] 
954 |a odborná, vedecká literatúra pôvodná (slovenská)  |2 lita 
958 |a OND 
958 |a EUIPO 
958 |a article5 
999 |c 2255652  |d 2257582